|
|
|
|
| LEADER |
00000cam a2200000 7i4500 |
| 001 |
0000019249 |
| 005 |
20080616.0 |
| 008 |
080616 |
| 020 |
|
|
|a 9833389082
|
| 090 |
0 |
0 |
|a 332.09595
|b AIR
|
| 100 |
0 |
|
|a Aira Bt Ariffin
|
| 245 |
1 |
0 |
|a Kementerian kewangan dan tanggungjawab kewangan kerajaan
|c Aira Bt Ariffin, Mohd Idris Johari
|
| 260 |
|
|
|a Selangor :
|b Femina ,
|c 2006
|
| 440 |
|
|
|a Siri perbankan dan kewangan
|
| 650 |
|
0 |
|a Finance
|z Malaysia
|x Juvenile leterature
|
| 650 |
|
0 |
|a Globalization
|x Juvenile literature
|
| 650 |
|
0 |
|a Malaysia
|x Economic conditions
|x Juvenile literature
|
| 700 |
0 |
|
|a Mohd Idris Johari
|
| 999 |
|
|
|a 0001024849
|b Book
|c Adult Collection
|e Perbadanan Perpustakaan Awam Johor
|
| 999 |
|
|
|a 0001024850
|b Book
|c Adult Collection
|e Perbadanan Perpustakaan Awam Johor
|
| 999 |
|
|
|a 0001024851
|b Book
|c Adult Collection
|e Cawangan Bandar Penawar
|
| 999 |
|
|
|a 0001024852
|b Book
|c Adult Collection
|e Cawangan Bandar Penawar
|
| 999 |
|
|
|a 0001024853
|b Book
|c Adult Collection
|e Cawangan Bandar Penawar
|
| 999 |
|
|
|a 0001139899
|b Book
|c Adult Collection
|e Cawangan Mersing
|
| 999 |
|
|
|a 0001139902
|b Book
|c Adult Collection
|e Cawangan Kota Tinggi
|